000 01155nam a2200277 i 4500
001 41567
003 ES-MaACL
005 20250721062602.0
007 t|
008 030311s1944 mx ||||1| spa d
100 1 _aCassel, Gustavo.
_936346
245 1 0 _aPensamientos fundamentales en la economía /
_cGustav Cassel ; traducción de Salvador Novo.
250 _a[3ª ed.].
260 _aMéxico :
_bFondo de Cultura Económica,
_c[1944]
300 _a164 p. ;
_c20 cm.
490 1 _aManual les introductores
510 _aCCPB,
_c001313020-X.
650 7 _aEconomía
_2embne
_912006
700 1 _aNovo, Salvador,
_d1904-1974
_986083
830 0 _aManual les introductores
_9229789
852 _aES-MaACL
_jD-6279
_bR.30373
_bR.M.5874
_943096
_cSVI
_fSello en tinta azul de la Biblioteca del Ateneo de Madrid.
_gAnotación manuscrita a lápiz en cubierta: "10"
_gAnotación manuscrita a lápiz en guarda posterior: "16"
_z"11.DIC.1950"
942 _2udc
_cMONOGRAFIA
999 _c41567
_d41567